Discurso del nacimiento /
Salvato in:
| Autore principale: | |
|---|---|
| Natura: | Sconosciuto |
| Lingua: | Spanish |
| Pubblicazione: |
[Lugar de publicación no identificado :
[Editor no identificado],
1974.
|
| Soggetti: | |
| Tags: |
Aggiungi Tag
Nessun Tag, puoi essere il primo ad aggiungerne!!
|
MARC
| LEADER | 000000000a22000000004500 | ||
|---|---|---|---|
| 001 | 002477 | ||
| 041 | 0 | |a spa | |
| 082 | 0 | 4 | |a CR861.4 |b D633di |
| 100 | 1 | |a Dobles Badilla, Ricardo | |
| 245 | 1 | 0 | |a Discurso del nacimiento / |c Ricardo Dobles Badilla. |
| 260 | 1 | |a [Lugar de publicación no identificado : |b [Editor no identificado], |c 1974. | |
| 300 | |a 27 páginas | ||
| 500 | |a "A la UNA" La Universidad necesaria.--Documento mecanografiado | ||
| 650 | 4 | |a LITERATURA COSTARRICENSE | |
| 650 | 4 | |a POESIA | |
| 999 | |c 8910 |d 8910 | ||
| 942 | |c BK |h CR861.4 D633di |2 z | ||
